| 000 | 00882nam a2200169 a 4500 | ||
|---|---|---|---|
| 001 | 000039314 | ||
| 005 | 20250113112322.0 | ||
| 008 | 130621s2008 dr 000 0 spa d | ||
| 040 |
_aDO-SdBNP _bspa _cBNPHU |
||
| 111 | 2 |
_aConvención interamericana para la eliminación de todas las formas de discriminación contra las personas con discapacidad _d(1999- Jun.- 7 : _cSanto Domingo) _965505 |
|
| 245 | 1 | 0 | _aConvención interamericana para la eliminación de todas las formas de discriminación contra las personas con discapacidad. |
| 260 |
_aSanto Domingo : _bOEA, _bCONADIS, _c2008. |
||
| 300 |
_a[26 P.]. ; _c29 cm. |
||
| 500 | _aContiene declaración del decenio de las américas : Por los derechos y la dignidad de las personas con discapacidad (2006-2016) | ||
| 710 | 2 |
_aOrganización de Estados Americanos _910360 |
|
| 710 | 1 |
_aConsejo Nacional sobre Discapacidad (CONADIS) _965506 |
|
| 999 |
_c38804 _d38804 |
||